| 000 | 00372nam a22001697a 4500 | ||
|---|---|---|---|
| 003 | UA-OsUOA | ||
| 001 | 5979 | ||
| 007 | ta | ||
| 008 | 20050721b un ||||| |||| 00| 0 ukr d | ||
| 100 | _aFisher | ||
| 700 | _aRon | ||
| 942 | _cBK | ||
| 040 |
_aUA-OsUOA _cUA-OsUOA _dUA-OsUOA |
||
| 245 | _aStill Waters White Waters: Explor. Amer. Rivers... | ||
| 955 | _a2 | ||
| 650 | 7 | _2UDC | |
| 999 |
_c292141 _d292141 |
||